Online
Catalog

Ley 76-2 : (Record no. 46102)

MARC details
000 -CABECERA
campo de control de longitud fija 00986nam a2200253 a 4500
001 - NÚMERO DE CONTROL
campo de control 000046613
005 - FECHA Y HORA DE LA ÚLTIMA TRANSACCIÓN
campo de control 20240402134029.0
008 - DATOS DE LONGITUD FIJA--INFORMACIÓN GENERAL
campo de control de longitud fija 090715s2015 dr 001 0 spa d
020 ## - NÚMERO INTERNACIONAL ESTÁNDAR DEL LIBRO
Número Internacional Estándar del Libro 9789945893793
040 ## - FUENTE DE LA CATALOGACIÓN
Centro catalogador/agencia de origen DO-SdBNP
Lengua de catalogación spa
Centro/agencia transcriptor BNPHU
082 ## - NÚMERO DE LA CLASIFICACIÓN DECIMAL DEWEY
Número de clasificación xxx
Número de documento/Ítem R426c
110 1# - ENTRADA PRINCIPAL--NOMBRE DE ENTIDAD CORPORATIVA
Nombre de entidad corporativa o nombre de jurisdicción como elemento de entrada República Dominicana
9 (RLIN) 447
240 10 - TÍTULO UNIFORME
Título uniforme Código procesal
245 10 - MENCIÓN DE TÍTULO
Título Ley 76-2 :
Resto del título Código procesal penal de la República Dominicana :(Mod. por la leyes 278-04, 424-06 y 176-07, 10-15) /
Mención de responsabilidad, etc. compiladores Trajano Vidal Potentini, Salvador Potentini.
246 13 - FORMA VARIANTE DE TÍTULO
Título propio/Titulo breve Código procesal penal de la República Dominicana
260 ## - PUBLICACIÓN, DISTRIBUCIÓN, ETC.
Lugar de publicación, distribución, etc. Santo Domingo :
Nombre del editor, distribuidor, etc. Dalis,
Fecha de publicación, distribución, etc. 2015.
300 ## - DESCRIPCIÓN FÍSICA
Extensión 168 p. ;
Dimensiones 23 cm.
500 ## - NOTA GENERAL
Nota general Ídice de materias
500 ## - NOTA GENERAL
Nota general Con más de 100 artículos modificados
500 ## - NOTA GENERAL
Nota general Preparado con anotaciones para estudios comparativo
500 ## - NOTA GENERAL
Nota general Edición 35 aniversario 2015
700 12 - PUNTO DE ACCESO ADICIONAL--NOMBRE DE PERSONA
Nombre de persona Potentini Adames, Trajano Vidal‏
Término indicativo de función/relación comp.
9 (RLIN) 73577
700 12 - PUNTO DE ACCESO ADICIONAL--NOMBRE DE PERSONA
Nombre de persona Potentini, Salvador
Término indicativo de función/relación comp.
9 (RLIN) 67426
Holdings
Estado de retiro Estado de pérdida Restricciones de uso No para préstamo Código de colección Localización permanente Ubicación/localización actual Ubicación en estantería Fecha de adquisición Número de inventario Total de préstamos Signatura topográfica completa Código de barras Fecha visto por última vez Precio válido a partir de Tipo de ítem Koha Número de copia
    Préstamo interno   Patrimonio Dominicano General General En catalogación 27.01.2017 LF1   xxx R426c 46613-10 25.06.2020 25.06.2020 Libro y Folleto Colección Patrimonio Dominicano  
    Préstamo interno Préstamo restrigido Patrimonio Dominicano General General En catalogación 27.01.2017 LF1   xxx R426c 46613-20 25.06.2020 25.06.2020 Libro y Folleto Colección Patrimonio Dominicano e. 2
    Préstamo interno   Dominicana de Servicio General General En catalogación 27.01.2017 LF1   xxx R426c 46613-30 25.06.2020 25.06.2020 Libro y Folleto Colección Dominicana de Servicio e. 3

Powered by Koha